000
00295nam a22001217a 4500
020
_a
978-81-89928-09-4
082
_a
510
_b
SHA/M
100
_a
SHARMA, R D
245
_a
MATHEMATICS
_b
CLASS XI
260
_a
DELHI
_b
DHANPAT RAI PUBLICATIONS
_c
2012
650
_a
MATHS FOR CLASS XI
_z
INDIA
942
_c
BK
999
_c
5348
_d
5348